| Tag |
First Indicator |
Second Indicator |
Subfields |
| LEADER |
00000cas a2200000 a 4500 |
| 001 |
in00000014682 |
| 005 |
20151007052254.0 |
| 008 |
860926d19861988enkqx p |||| 0uuu 0eng d |
| 010 |
|
|
|a sn 87035010
|
| 035 |
|
|
|a (OCoLC)14266534
|
| 035 |
|
|
|9 AAA7056AM
|
| 040 |
|
|
|a UIU
|c UIU
|d OCL
|d FUG
|d UtOrBLW
|
| 042 |
|
|
|a lcd
|
| 049 |
|
|
|a TXAE
|
| 050 |
|
4 |
|a HE305
|b .C54
|
| 245 |
0 |
0 |
|a City transport.
|
| 264 |
|
1 |
|a [Sutton, Surrey] :
|b [Reed Business Publishing]
|
| 300 |
|
|
|a 2 volumes :
|b illustrations ;
|c 30 cm.
|
| 310 |
|
|
|a Four issues yearly
|
| 336 |
|
|
|a text
|b txt
|2 rdacontent
|
| 337 |
|
|
|a unmediated
|b n
|2 rdamedia
|
| 338 |
|
|
|a volume
|b nc
|2 rdacarrier
|
| 362 |
1 |
|
|a Began with May-July 1986; ceased with vol. 2, no. 4 (Dec. 1987/Feb. 1988).
|
| 500 |
|
|
|a Title from cover.
|
| 500 |
|
|
|a Description based on: Volume 2, number4 (Dec. 1987-Feb. 1988).
|
| 580 |
|
|
|a Absorbed by: Railway gazette international.
|
| 580 |
|
|
|a Issues for May-July 1986-Dec. 1987-Feb. 1988 include Developing metros.
|
| 650 |
|
0 |
|a Local transit
|v Periodicals.
|
| 650 |
|
0 |
|a Transportation
|v Periodicals.
|
| 785 |
1 |
4 |
|t Railway gazette international
|w (OCoLC)2246087
|
| 787 |
1 |
|
|t Developing metros
|w (DLC) 85648788
|w (OCoLC)12264501
|
| 999 |
|
|
|a MARS
|
| 999 |
f |
f |
|s 007911f1-4503-30d6-8944-1f9692ed1164
|i 5502af2e-4ba5-3d50-8b53-79200efd3947
|t 0
|
| 952 |
f |
f |
|a Texas A&M University
|b Rellis Campus
|c Joint Library Facility
|d Remote Storage
|e HE305 .C54
|h Library of Congress classification
|i unmediated -- volume
|k v.2
|l 1987/1988
|m A14814351101
|p ric
|s JLF
|t 0
|
| 998 |
f |
f |
|a HE305 .C54
|s v.2 (1987/1988)
|t 0
|l Remote Storage
|